[Event "Pia Cramling Ladies Open 2018"]
[Site "Stockholm"]
[Date "2018.09.02"]
[Round "7"]
[White "Johansson-Ohman, Linnea"]
[Black "Ristoja, Aulikki"]
[Result "0-1"]
[WhiteElo "1495"]
[BlackElo "1530"]
[Annotator "NA"]
[PlyCount "86"]
[EventDate "2018.09.01"]
[EventType "swiss"]
[EventCountry "SWE"]
[SourceTitle "playchess.com"]
[Source "ChessBase"]
[SourceQuality "1"]
[TimeControl "1800+10"]

1. d4 {[%emt 0:00:00]} d5 {[%emt 0:00:16]} 2. c4 {[%emt 0:00:00]} c6 {[%emt 0:00:16]} 3. cxd5 {[%emt 0:00:32]} cxd5 {[%emt 0:00:06]} 4. Nc3 {[%emt 0:00:01]} e6 {[%emt 0:01:30]} 5. Nf3 {[%emt 0:00:45]} Nc6 {[%emt 0:00:48]} 6. a3 {[%emt 0:00:55]} a6 {[%emt 0:00:54]} 7. Bf4 {[%emt 0:00:45]} Bd6 {[%emt 0:00:33]} 8. Bxd6 {[%emt 0:06:54]} Qxd6 {[%emt 0:00:04]} 9. e3 {[%emt 0:00:15]} Nf6 {[%emt 0:00:28]} 10. Be2 {[%emt 0:02:34]} h6 {[%emt 0:00:40]} 11. O-O {[%emt 0:00:11]} Bd7 {[%emt 0:01:46]} 12. Rc1 {[%emt 0:00:21]} Rc8 {[%emt 0:00:37]} 13. Na4 {[%emt 0:00:44]} O-O {[%emt 0:03:08]} 14. Nc5 {[%emt 0:00:19]} Qb8 {[%emt 0:01:36]} 15. Qb3 {[%emt 0:03:03]} Rc7 {[%emt 0:04:01]} 16. Qa2 {[%emt 0:05:47]} Rfc8 {[%emt 0:00:53]} 17. b4 {[%emt 0:02:06]} Be8 {[%emt 0:01:02]} 18. Bxa6 {[%emt 0:03:03]} bxa6 {[%emt 0:00:39]} 19. Nxa6 {[%emt 0:00:54]} Qb6 {[%emt 0:00:27]} 20. Nxc7 {[%emt 0:00:24]} Rxc7 {[%emt 0:00:09]} 21. Rc2 {[%emt 0:00:45]} Ra7 {[%emt 0:00:25]} 22. Qb2 {[%emt 0:00:36]} Ne4 {[%emt 0:00:49]} 23. Ra1 {[%emt 0:00:44]} Ne7 {[%emt 0:00:35]} 24. Ne5 {[%emt 0:00:27]} Nd6 {[%emt 0:00:46]} 25. h3 {[%emt 0:00:13]} f6 {[%emt 0:00:12]} 26. Nd3 {[%emt 0:00:01]} Nc4 {[%emt 0:00:17]} 27. Qc1 {[%emt 0:00:01]} Kf7 {[%emt 0:01:34]} 28. Nc5 {[%emt 0:00:26]} Bb5 {[%emt 0:01:11]} 29. e4 {[%emt 0:00:13]} f5 {[%emt 0:00:36]} 30. e5 {[%emt 0:00:21]} Be8 {[%emt 0:00:31]} 31. Rc3 {[%emt 0:00:34]} Nc6 {[%emt 0:00:09]} 32. Qd1 {[%emt 0:00:16]} Nb2 {[%emt 0:00:36]} 33. Qc2 {[%emt 0:00:16]} Nc4 {[%emt 0:00:13]} 34. Qd1 {[%emt 0:00:01]} Qb5 {[%emt 0:00:18]} 35. a4 {[%emt 0:00:11]} Qxb4 {[%emt 0:00:37]} 36. Rb3 {[%emt 0:00:14]} Qa5 {[%emt 0:00:32]} 37. Rb5 {[%emt 0:00:11]} Qc3 {[%emt 0:00:19]} 38. Rc1 {[%emt 0:00:01]} Qxd4 {[%emt 0:00:04]} 39. Qh5+ {[%emt 0:00:19]} Ke7 {[%emt 0:00:42]} 40. Qe2 {[%emt 0:00:24]} Qxe5 {[%emt 0:00:14]} 41. Re1 {[%emt 0:00:35]} Qxe2 {[%emt 0:00:04]} 42. Rxe2 {[%emt 0:00:01]} Nd4 {[%emt 0:00:01]} 43. Re1 {[%emt 0:00:21]} Bxb5 {[%emt 0:00:09]} 0-1

[Event "Pia Cramling Ladies Open 2018"]
[Site "Stockholm"]
[Date "2018.09.02"]
[Round "7"]
[White "Ostensson, Julia"]
[Black "Berg, Maria"]
[Result "0-1"]
[WhiteElo "1375"]
[BlackElo "1722"]
[Annotator "NA"]
[PlyCount "80"]
[EventDate "2018.09.01"]
[EventType "swiss"]
[EventCountry "SWE"]
[SourceTitle "playchess.com"]
[Source "ChessBase"]
[SourceQuality "1"]
[TimeControl "1800+10"]

1. e4 {[%emt 0:00:00]} e5 {[%emt 0:00:00]} 2. Nf3 {[%emt 0:00:02]} Nc6 {[%emt 0:00:00]} 3. Nc3 {[%emt 0:01:00]} Bc5 {[%emt 0:00:26]} 4. Bb5 {[%emt 0:02:00]} a6 {[%emt 0:00:26]} 5. Bxc6 {[%emt 0:01:21]} dxc6 {[%emt 0:00:16]} 6. O-O {[%emt 0:02:15]} Qd6 {[%emt 0:03:05]} 7. d3 {[%emt 0:01:03]} Bg4 {[%emt 0:01:05]} 8. Bg5 {[%emt 0:01:51]} f6 {[%emt 0:01:29]} 9. Be3 {[%emt 0:02:48]} O-O-O {[%emt 0:00:55]} 10. Bxc5 {[%emt 0:00:44]} Qxc5 {[%emt 0:00:05]} 11. a3 {[%emt 0:00:46]} Ne7 {[%emt 0:00:17]} 12. Re1 {[%emt 0:01:09]} g5 {[%emt 0:02:18]} 13. Qe2 {[%emt 0:01:21]} Kb8 {[%emt 0:01:51]} 14. Qe3 {[%emt 0:00:44]} Qd6 {[%emt 0:00:04]} 15. Ne2 {[%emt 0:00:26]} h5 {[%emt 0:01:42]} 16. Ng3 {[%emt 0:01:56]} Bc8 {[%emt 0:03:29]} 17. Nd2 {[%emt 0:00:47]} h4 {[%emt 0:02:52]} 18. Ne2 {[%emt 0:02:16]} g4 {[%emt 0:00:09]} 19. f3 {[%emt 0:01:12]} gxf3 {[%emt 0:02:51]} 20. Qxf3 {[%emt 0:00:55]} Rdg8 {[%emt 0:01:39]} 21. Rf1 {[%emt 0:00:38]} Bg4 {[%emt 0:00:18]} 22. Qf2 {[%emt 0:00:43]} Bh3 {[%emt 0:00:09]} 23. Kh1 {[%emt 0:02:56]} Bxg2+ {[%emt 0:00:32]} 24. Qxg2 {[%emt 0:00:36]} Rxg2 {[%emt 0:00:03]} 25. Kxg2 {[%emt 0:00:02]} Qe6 {[%emt 0:06:01]} 26. Kf2 {[%emt 0:01:44]} Qh3 {[%emt 0:00:50]} 27. Nf3 {[%emt 0:00:50]} Rg8 {[%emt 0:01:10]} 28. Rg1 {[%emt 0:00:49]} Rg6 {[%emt 0:00:20]} 29. Rab1 {[%emt 0:00:47]} Rh6 {[%emt 0:00:16]} 30. Rg2 {[%emt 0:00:27]} Qe6 {[%emt 0:00:04]} 31. Ra1 {[%emt 0:00:22]} h3 {[%emt 0:00:01]} 32. Rg3 {[%emt 0:00:04]} Ng6 {[%emt 0:00:07]} 33. Rag1 {[%emt 0:00:27]} Nf4 {[%emt 0:00:02]} 34. Nxf4 {[%emt 0:00:06]} exf4 {[%emt 0:00:02]} 35. Rg4 {[%emt 0:00:24]} Qd6 {[%emt 0:00:02]} 36. Rg8+ {[%emt 0:00:07]} Ka7 {[%emt 0:00:02]} 37. R8g4 {[%emt 0:00:08]} Qc5+ {[%emt 0:00:03]} 38. Kf1 {[%emt 0:00:22]} Qe3 {[%emt 0:00:41]} 39. b3 {[%emt 0:00:11]} Qxf3+ {[%emt 0:00:05]} 40. Ke1 {[%emt 0:00:07]} Qe3+ {[%emt 0:00:05]} 0-1

[Event "Pia Cramling Ladies Open 2018"]
[Site "Stockholm"]
[Date "2018.09.02"]
[Round "7.2"]
[White "Andersson, Christin"]
[Black "Reizniece-Ozola, Dana"]
[Result "0-1"]
[WhiteElo "2077"]
[BlackElo "2304"]
[Annotator "TA"]
[PlyCount "64"]
[EventDate "2018.09.01"]
[EventType "swiss"]
[EventCountry "SWE"]
[SourceTitle "playchess.com"]
[Source "ChessBase"]
[SourceQuality "1"]

{[%evp 11,64,24,38,-9,-1,-8,0,-22,-12,-50,-40,-45,-39,-56,-16,-78,-72,-73,-84,-81,-76,-78,-74,-75,-80,-81,-88,-76,-77,-81,-64,-67,-62,-105,-95,-133,-110,-460,-439,-858,-818,-907,-710,-981,-827,-1449,-1444,-1580,-1547,-29984,-29984,-29992,-29993,-29993,-29994]} 1. e4 d6 2. d4 g6 3. Nf3 Bg7 4. c4 Nf6 5. Nc3 O-O 6. Bd3 e5 {LiveBook: 7 Games} 7. dxe5 {E90: King's Indian: Classical: Early deviations and 6 h3} dxe5 8. O-O Nc6 9. Bg5 {The position is equal.} h6 10. Bh4 g5 11. Bg3 Nh5 12. Nd5 Nf4 13. h4 (13. h3 $11 {remains equal.}) 13... Bg4 $17 {And now ...Nd4 would win.} 14. hxg5 hxg5 {aiming for ...Nd4.} 15. Be2 Nxe2+ 16. Qxe2 Nd4 17. Qd3 Bxf3 18. gxf3 c6 19. Nc3 Qf6 20. Kg2 Rfd8 {[%cal Bf8d8,Bd8d7,Bd7d2,Bd2c2][%mdl 32]} 21. Rad1 Rd7 22. Rh1 Rad8 23. Rh5 Qg6 $36 {[%mdl 2048] Black is really pushing.} 24. Rdh1 $2 {[%mdl 8192] [#]} (24. Rh3 $17 {is more resistant.}) 24... Ne6 $19 {[%cal Bd4e6,Be6d4,Bd4f3][%mdl 32]} 25. Qc2 (25. Qb1 $142 Rd2 26. R5h2) 25... Rd2 26. Qc1 R8d3 27. R5h3 Nd4 28. Nd5 cxd5 29. cxd5 Rc2 30. Qb1 g4 {Black mates.} 31. fxg4 Qxe4+ 32. Kg1 Nf3+ {Precision: White = 19%, Black = 70%.} 0-1